| 000 | 00371cam a2200157ua 4500 | ||
|---|---|---|---|
| 041 |
_aeng _h |
||
| 082 |
_a823.308 _bDON/SI |
||
| 100 | _aDonleavy, J P . | ||
| 245 |
_aSingular man / _cJ P Donleavy. _hTextual Documents |
||
| 250 |
_a1 / _b. |
||
| 260 |
_aBellomore : _bPenguin Books , _c1963. |
||
| 300 | _a349 ; . | ||
| 504 | _a | ||
| 942 | _cBK | ||
| 999 |
_c6887 _d6887 |
||